[Event "Box Hill Autumn Cup"]
[Site "Box Hill"]
[Date "2005.02.25"]
[Round "4"]
[White "Rice, Edward"]
[Black "Vijayakumar, Rukman"]
[Result "0-1"]
[WhiteElo "1746"]
[BlackElo "1768"]
[PlyCount "72"]
[EventDate "2005.02.04"]
[EventType "swiss"]
[EventRounds "4"]
[EventCountry "AUS"]
[SourceTitle "EXT 2010"]
[Source "ChessBase"]
[SourceDate "2010.11.25"]
[SourceVersion "1"]
[SourceVersionDate "2010.11.25"]
[SourceQuality "1"]

1. e4 c5 2. Nc3 Nc6 3. f4 g6 4. Nf3 Bg7 5. Bb5 Nd4 6. 0-0 e6 7. d3 Ne7 8. e5 a6 9. Ba4 b5 10. Ne4 bxa4 11. Nd6+ Kf8 12. Ng5 Qc7 13. Ngxf7 Rg8 14. Ng5 Rh8 15. Ngf7 Rg8 16. f5 exf5 17. Bg5 Nec6 18. Qe1 Ne6 19. Bf6 Bxf6 20. exf6 Ncd8 21. Qh4 Nxf7 22. Nxf7 d6 23. Nh6 Rh8 24. Rae1 Bd7 25. f7 Qd8 26. Qg3 f4 27. Qf3 Rc8 28. Qd5 Qe7 29. Qc4 Kg7 30. Rxf4 Kxh6 31. Qc3 Qg5 32. Qd2 Qxf4 33. Qd1 Qd4+ 34. Kh1 Ng5 35. Rf1 Rhf8 36. Qe1 Rxf7 0-1

[Event "Box Hill Autumn Cup"]
[Site "Box Hill"]
[Date "2005.02.11"]
[Round "2"]
[White "Rice, Edward"]
[Black "Smith, Mike"]
[Result "1-0"]
[WhiteElo "1746"]
[BlackElo "1342"]
[PlyCount "135"]
[EventDate "2005.02.04"]
[EventType "swiss"]
[EventRounds "4"]
[EventCountry "AUS"]
[SourceTitle "EXT 2010"]
[Source "ChessBase"]
[SourceDate "2010.11.25"]
[SourceVersion "1"]
[SourceVersionDate "2010.11.25"]
[SourceQuality "1"]

1. e4 e5 2. Nf3 Nc6 3. Bb5 a6 4. Bxc6 bxc6 5. Nxe5 Qe7 6. d4 Nf6 7. 0-0 g6 8. Bg5 Bg7 9. Nd2 Qe6 10. Nb3 0-0 11. Nc5 Qe8 12. Qf3 d6 13. Bxf6 dxc5 14. c3 Qe6 15. Bxg7 Kxg7 16. Qf4 f6 17. Nf3 Rf7 18. dxc5 Qc4 19. Rfe1 a5 20. Qe3 a4 21. Nd4 Bd7 22. e5 fxe5 23. Qxe5+ Kg8 24. Qxc7 Qxc5 25. Qe5 Qf8 26. Qg3 Rb8 27. b4 axb3 28. Nxb3 Bf5 29. Nd4 Bd7 30. Rab1 Re7 31. Red1 Rbe8 32. a4 Re5 33. h3 Qe7 34. Ra1 Ra5 35. Qd3 Qd6 36. Qc4+ Kh8 37. Nxc6 Qxc6 38. Qd4+ Rae5 39. Re1 Qf6 40. Rxe5 Qxe5 41. Qxd7 Kg8 42. Qd4 Qa5 43. c4 Rb8 44. Qe3 Kg7 45. Qe1 Qc5 46. Qc3+ Kf7 47. a5 Rb4 48. Qf3+ Kg7 49. a6 Rxc4 50. Qb7+ Kh6 51. g3 Rc2 52. Qf3 Qa7 53. Qe3+ Qxe3 54. fxe3 Rc8 55. a7 Ra8 56. Kf2 Kg7 57. e4 Kf7 58. Ke3 Ke6 59. Kf4 h6 60. Ra6+ Kf7 61. g4 Kg7 62. Ke5 Kf7 63. Kd5 Ke7 64. Rxg6 Rd8+ 65. Kc6 Rh8 66. Rg7+ Ke6 67. Kb7 Kf6 68. Rc7 1-0

[Event "AUS-ch U18"]
[Site "Adelaide"]
[Date "2003.01.20"]
[Round "8"]
[White "Cronan, James"]
[Black "Rice, Edward"]
[Result "1-0"]
[WhiteElo "1624"]
[BlackElo "1455"]
[PlyCount "73"]
[EventDate "2003.01.??"]
[EventType "swiss"]
[EventRounds "11"]
[EventCountry "AUS"]
[SourceTitle "EXT 2006"]
[Source "ChessBase"]
[SourceDate "2005.11.24"]
[SourceVersion "1"]
[SourceVersionDate "2005.11.24"]
[SourceQuality "1"]

1. d4 Nf6 2. c4 g6 3. Nc3 Bg7 4. e4 d6 5. f4 0-0 6. Nf3 c5 7. d5 b5 8. cxb5 a6 9. a4 Qa5 10. Bd2 axb5 11. Bxb5 Qb4 12. Qe2 e6 13. e5 dxe5 14. fxe5 Nfd7 15. 0-0 Nxe5 16. Kh1 Nxf3 17. Rxf3 Bb7 18. Raf1 e5 19. Bg5 f5 20. Rh3 h5 21. Rh4 e4 22. Nxe4 fxe4 23. Rxf8+ Bxf8 24. Rxe4 Qa5 25. Re8 Bxd5 26. Rxf8+ Kxf8 27. Qe7+ Kg8 28. Bh6 Ra7 29. Qe5 Qd8 30. Bg5 Bxg2+ 31. Kxg2 Qf8 32. Bf4 Nd7 33. Qg5 Kh7 34. Bd3 Qa8+ 35. Kg3 Qc6 36. Qh6+ Kg8 37. Bc4+ 1-0

[Event "AUS-ch U18"]
[Site "Adelaide"]
[Date "2003.01.15"]
[Round "4"]
[White "Wongwichit, Phachara"]
[Black "Rice, Edward"]
[Result "0-1"]
[WhiteElo "1718"]
[BlackElo "1455"]
[PlyCount "78"]
[EventDate "2003.01.??"]
[EventType "swiss"]
[EventRounds "11"]
[EventCountry "AUS"]
[SourceTitle "EXT 2006"]
[Source "ChessBase"]
[SourceDate "2005.11.24"]
[SourceVersion "1"]
[SourceVersionDate "2005.11.24"]
[SourceQuality "1"]

1. e4 c5 2. Nc3 d6 3. g3 Nf6 4. Bg2 e6 5. f4 Nc6 6. Nf3 Be7 7. d3 a6 8. 0-0 Bd7 9. h3 b5 10. Be3 Rc8 11. Ne2 c4 12. a3 cxd3 13. cxd3 h5 14. Nc3 e5 15. f5 Nh7 16. Nd5 Rb8 17. h4 Nf6 18. Nxf6+ Bxf6 19. Ng5 Bxg5 20. hxg5 b4 21. a4 a5 22. g6 f6 23. Bf2 Nd4 24. Bxd4 exd4 25. b3 Qe7 26. Rc1 Qe5 27. Rf4 Ke7 28. Qf3 Rbc8 29. Rc4 Bxa4 30. bxa4 b3 31. Qd1 b2 32. Qb3 Rxc4 33. Qb7+ Kd8 34. dxc4 d3 35. Rf1 Qd4+ 36. Kh1 d2 37. Qd5 Qxd5 38. cxd5 Kd7 39. Bf3 Rc8 0-1

[Event "AUS-ch U18"]
[Site "Adelaide"]
[Date "2003.01.14"]
[Round "2"]
[White "Kimura, Toshi"]
[Black "Rice, Edward"]
[Result "1-0"]
[WhiteElo "1725"]
[BlackElo "1455"]
[PlyCount "66"]
[EventDate "2003.01.??"]
[EventType "swiss"]
[EventRounds "11"]
[EventCountry "AUS"]
[SourceTitle "EXT 2006"]
[Source "ChessBase"]
[SourceDate "2005.11.24"]
[SourceVersion "1"]
[SourceVersionDate "2005.11.24"]
[SourceQuality "1"]

1. e4 c5 2. Nf3 d6 3. c3 Nf6 4. h3 Nc6 5. d3 e6 6. Be2 Be7 7. 0-0 0-0 8. Re1 d5 9. e5 Nd7 10. Bf1 d4 11. c4 f5 12. exf6 Rxf6 13. Nbd2 e5 14. g3 Rg6 15. Bg2 Qc7 16. Ne4 h6 17. h4 Nd8 18. Nh2 Nf8 19. Qh5 Kh7 20. Ng5+ Bxg5 21. hxg5 Kg8 22. gxh6 gxh6 23. Be4 Rb6 24. Bxh6 Nf7 25. Bxf8 Kxf8 26. Bg6 Rxb2 27. Nf3 Be6 28. Nxe5 Rd8 29. Nxf7 Bxf7 30. Qh6+ Kg8 31. Qh7+ Kf8 32. Qh8+ Bg8 33. Qf6+ Bf7 1-0

[Event "AUS-ch U18"]
[Site "Adelaide"]
[Date "2003.01.14"]
[Round "3"]
[White "Rice, Edward"]
[Black "Nguyen, Joseph"]
[Result "1-0"]
[WhiteElo "1455"]
[BlackElo "1185"]
[PlyCount "65"]
[EventDate "2003.01.??"]
[EventType "swiss"]
[EventRounds "11"]
[EventCountry "AUS"]
[SourceTitle "EXT 2006"]
[Source "ChessBase"]
[SourceDate "2005.11.24"]
[SourceVersion "1"]
[SourceVersionDate "2005.11.24"]
[SourceQuality "1"]

1. e4 c5 2. Nf3 d6 3. d4 cxd4 4. Nxd4 Nf6 5. Nc3 a6 6. Be3 e6 7. f3 Be7 8. Qd2 Nc6 9. 0-0-0 Bd7 10. g4 Rc8 11. h4 h6 12. Be2 Ne5 13. g5 Nh5 14. gxh6 gxh6 15. Bxh6 Ng3 16. Rhg1 Bxh4 17. Bf4 Nxe2+ 18. Qxe2 Nc4 19. Nb3 Bf6 20. Bxd6 Nxb2 21. e5 Nc4 22. Ne4 Be7 23. Bxe7 Kxe7 24. Nbc5 Nxe5 25. f4 b6 26. fxe5 bxc5 27. Nf6 Bb5 28. c4 Qa5 29. cxb5 axb5 30. Rd7+ Kf8 31. Qe3 Qxa2 32. Qh6+ Rxh6 33. Rg8# 1-0

[Event "AUS-ch reserves"]
[Site "Melbourne"]
[Date "2002.01.07"]
[Round "9"]
[White "Rice, Edward"]
[Black "Sellayah, Renishka"]
[Result "1-0"]
[WhiteElo "1363"]
[BlackElo "1126"]
[PlyCount "81"]
[EventDate "2001.12.28"]
[EventType "swiss"]
[EventRounds "11"]
[EventCountry "AUS"]
[SourceTitle "EXT 2003"]
[Source "ChessBase"]
[SourceDate "2002.11.25"]
[SourceVersion "1"]
[SourceVersionDate "2002.11.25"]
[SourceQuality "1"]

1. e4 d5 2. exd5 Nf6 3. Nf3 Nxd5 4. c4 Nf6 5. d4 Bf5 6. Nc3 e6 7. Bg5 Nbd7 8. Bd3 Bxd3 9. Qxd3 c6 10. 0-0 Be7 11. Rfe1 0-0 12. Rad1 Nb6 13. Ne5 Nfd7 14. Bf4 Nxe5 15. Bxe5 Re8 16. Re3 Bd6 17. Bxd6 Nxc4 18. Qxc4 Qxd6 19. Rh3 Rad8 20. Qd3 g6 21. Ne4 Qe7 22. Qe3 f6 23. Qf4 Rf8 24. Rf3 e5 25. Qe3 c5 26. d5 f5 27. Qb3 c4 28. Qxc4 fxe4 29. Rxf8+ Kxf8 30. Qxe4 Qe6 31. h3 Qd6 32. Kf1 Qa6+ 33. Rd3 Re8 34. d6 Re6 35. Qd5 e4 36. Qxe6 Qxd3+ 37. Kg1 Qd1+ 38. Kh2 Kg7 39. Qe7+ Kh6 40. d7 Qd2 41. Qh4+ 1-0